| 000 | 01561nam a22003737a 4500 | ||
|---|---|---|---|
| 003 | OSt | ||
| 005 | 20170518102949.0 | ||
| 008 | 170227b xxu||||| |||| 00| 0 eng d | ||
| 010 | _a 99019452 | ||
| 020 | _a0684852861 | ||
| 040 |
_aMMU _cMMU _dMMU _beng. |
||
| 042 | _apcc | ||
| 050 | 0 | 0 |
_aHD38.2 _b.B83 1999 |
| 082 | 0 | 0 |
_a658.4/09 _221 |
| 100 | 1 | _aBuckingham, Marcus. | |
| 245 | 1 | 0 |
_aFirst, break all the rules : _bwhat the world's greatest managers do differently / _cMarcus Buckingham and Curt Coffman. |
| 246 | 3 | 0 | _aWhat the world's greatest managers do differently |
| 260 |
_aNew York, NY. : _bSimon & Schuster, _cc1999. |
||
| 300 |
_a271 p. ; _c24 cm. |
||
| 650 | 0 | _aExecutive ability. | |
| 650 | 0 | _aManagement. | |
| 650 | 0 |
_aExecutives _xAttitudes. |
|
| 650 | 0 |
_aEmployees _xAttitudes. |
|
| 650 | 0 | _aEmployer attitude surveys. | |
| 650 | 0 | _aEmployee attitude surveys. | |
| 700 | 1 | _aCoffman, Curt. | |
| 856 | 4 | 2 |
_3Contributor biographical information _uhttp://www.loc.gov/catdir/bios/simon051/99019452.html |
| 856 | 4 | 2 |
_3Publisher description _uhttp://www.loc.gov/catdir/description/simon041/99019452.html |
| 856 | 4 | 1 |
_3Sample text _uhttp://www.loc.gov/catdir/samples/simon031/99019452.html |
| 856 | 4 | 1 |
_3Table of contents only _uhttp://www.loc.gov/catdir/enhancements/fy0631/99019452-t.html |
| 906 |
_a7 _bcbc _corignew _d1 _eocip _f19 _gy-gencatlg |
||
| 942 |
_2lcc _cLOAN LOAN |
||
| 999 |
_c23622 _d23622 |
||